The World Bank Annual Report 2008 (Record no. 14101)

000 -LEADER
fixed length control field 00742cam a22002294a 4500
040 ## - CATALOGING SOURCE
Transcribing agency DLC
082 ## - DEWEY DECIMAL CLASSIFICATION NUMBER
Classification number 338 WOR 2008 A064 Or.
110 2# - MAIN ENTRY--CORPORATE NAME
Corporate name or jurisdiction name as entry element World Bank.
245 14 - TITLE STATEMENT
Title The World Bank Annual Report 2008
Remainder of title Year In Review.
260 ## - PUBLICATION, DISTRIBUTION, ETC. (IMPRINT)
Place of publication Washington, D.C. :
Name of publisher The World Bank,
Year of publication 2008.
300 ## - PHYSICAL DESCRIPTION
Number of Pages 1 online resource (64 p.)
650 #4 - SUBJECT ADDED ENTRY--TOPICAL TERM
Topical Term Access to Finance.
650 #4 - SUBJECT ADDED ENTRY--TOPICAL TERM
Topical Term Banks and Banking Reform.
650 #4 - SUBJECT ADDED ENTRY--TOPICAL TERM
Topical Term Debt Markets.
650 #4 - SUBJECT ADDED ENTRY--TOPICAL TERM
Topical Term Emerging Markets.
650 #4 - SUBJECT ADDED ENTRY--TOPICAL TERM
Topical Term Finance and Financial Sector Development.
650 #4 - SUBJECT ADDED ENTRY--TOPICAL TERM
Topical Term Private Sector Development.
650 #4 - SUBJECT ADDED ENTRY--TOPICAL TERM
Topical Term Public Sector Corruption and Anticorruption Measures.
710 2# - ADDED ENTRY--CORPORATE NAME
Corporate name or jurisdiction name as entry element World Bank.
856 40 - ELECTRONIC LOCATION AND ACCESS
Uniform Resource Identifier http://elibrary.worldbank.org/content/book/9780821376751
942 ## - ADDED ENTRY ELEMENTS (KOHA)
Koha item type សៀវភៅភាសាអង់គ្លេស
952 ## - LOCATION AND ITEM INFORMATION (KOHA)
Withdrawn status [LOCAL, KOHA] 0
Holdings
Permanent Location Date acquired Koha item type Lost status Shelving location Barcode Current Location Full call number
Library Block A2017-10-06សៀវភៅភាសាអង់គ្លេស A064A18574Library Block A338 WOR 2008 A064 Or.
មជ្ឈមណ្ឌលឯការនៃសាកលវិទ្យាល័យភូមិន្ទកសិកម្មចំការដូង

Powered by Koha